[Event "ccc 2015 1"]
[Site "?"]
[Date "2015.05.03"]
[Round "9.11"]
[White "Kristensen,2380, FM Kåre Hove"]
[Black "Matthiesen,2288, FM Martin"]
[Result "1-0"]
[BlackElo "2288"]
[WhiteElo "2380"]
[LiveChessVersion "1.4.5"]

1. e4 {[%clk 1:30:57]} e5 {[%clk 1:30:51]} 2. Nf3 {[%clk 1:31:18]} Nc6
{[%clk 1:31:14]} 3. d4 {[%clk 1:31:43]} exd4 {[%clk 1:31:37]} 4. Nxd4
{[%clk 1:32:07]} Nf6 {[%clk 1:31:58]} 5. Nxc6 {[%clk 1:32:26]} bxc6
{[%clk 1:32:20]} 6. e5 {[%clk 1:32:50]} Qe7 {[%clk 1:32:40]} 7. Qe2
{[%clk 1:33:15]} Nd5 {[%clk 1:32:59]} 8. c4 {[%clk 1:33:38]} Ba6 {[%clk 1:33:22]}
9. b3 {[%clk 1:32:39]} g6 {[%clk 1:32:21]} 10. Bb2 {[%clk 1:32:57]} Bg7
{[%clk 1:31:17]} 11. g3 {[%clk 1:33:16]} O-O {[%clk 1:26:50]} 12. Bg2
{[%clk 1:33:37]} Rfe8 {[%clk 1:24:59]} 13. O-O {[%clk 1:33:42]} Bxe5
{[%clk 1:25:15]} 14. Qxe5 {[%clk 1:34:03]} Qxe5 {[%clk 1:25:38]} 15. Bxe5
{[%clk 1:34:25]} Rxe5 {[%clk 1:25:54]} 16. cxd5 {[%clk 1:34:50]} Bxf1
{[%clk 1:26:10]} 17. Kxf1 {[%clk 1:35:14]} cxd5 {[%clk 1:26:30]} 18. f4
{[%clk 1:35:08]} Re3 {[%clk 1:26:05]} 19. Bxd5 {[%clk 1:35:19]} Rae8
{[%clk 1:14:13]} 20. Nd2 {[%clk 1:35:10]} Re2 {[%clk 0:58:53]} 21. Rd1
{[%clk 1:28:10]} Rxh2 {[%clk 0:52:54]} 22. Bg2 {[%clk 1:28:14]} Kf8
{[%clk 0:48:18]} 23. Nf3 {[%clk 1:24:10]} Rh5 {[%clk 0:48:06]} 24. Rxd7
{[%clk 1:23:29]} Re7 {[%clk 0:46:22]} 25. Rxe7 {[%clk 1:20:10]} Kxe7
{[%clk 0:46:44]} 26. Ne5 {[%clk 1:19:23]} f6 {[%clk 0:44:35]} 27. Nc6+
{[%clk 1:14:42]} Kd6 {[%clk 0:42:42]} 28. b4 {[%clk 1:11:27]} g5 {[%clk 0:37:05]}
29. Kf2 {[%clk 1:09:57]} gxf4 {[%clk 0:34:15]} 30. gxf4 {[%clk 1:10:17]} Rb5
{[%clk 0:33:16]} 31. a3 {[%clk 1:10:14]} a6 {[%clk 0:30:39]} 32. Bf3
{[%clk 1:05:41]} Kd7 {[%clk 0:22:45]} 33. Ke3 {[%clk 1:04:08]} Rb6
{[%clk 0:20:49]} 34. Nd4 {[%clk 1:03:47]} Kc8 {[%clk 0:17:28]} 35. Nb3
{[%clk 0:54:56]} Re6+ {[%clk 0:10:40]} 36. Kf2 {[%clk 0:54:27]} Rd6
{[%clk 0:08:08]} 37. Nc5 {[%clk 0:54:15]} Rd2+ {[%clk 0:06:17]} 38. Kg3
{[%clk 0:52:35]} Ra2 {[%clk 0:04:38]} 39. a4 {[%clk 0:52:26]} Ra3
{[%clk 0:04:33]} 40. Kg2 {[%clk 0:41:59]} Ra2+ {[%clk 0:04:49]} 41. Kg1
{[%clk 0:42:06]} Ra1+ {[%clk 0:04:10]} 42. Kh2 {[%clk 0:42:22]} Ra2+
{[%clk 0:04:29]} 43. Bg2 {[%clk 0:42:40]} h6 {[%clk 0:02:33]} 44. a5
{[%clk 0:42:53]} h5 {[%clk 0:00:52]} 45. Nxa6 {[%clk 0:40:25]} h4
{[%clk 0:00:57]} 46. Nc5 {[%clk 0:39:44]} Rb2 {[%clk 0:01:18]} 47. a6
{[%clk 0:24:57]} Kb8 {[%clk 0:01:38]} 48. Nd7+ {[%clk 0:24:23]} Ka7
{[%clk 0:01:52]} 49. Nxf6 {[%clk 0:24:38]} Rxb4 {[%clk 0:01:47]} 50. Nd5
{[%clk 0:24:55]} Rd4 {[%clk 0:01:07]} 51. f5 {[%clk 0:24:38]} c6 {[%clk 0:00:40]}
52. Ne7 {[%clk 0:24:10]} Rf4 {[%clk 0:00:51]} 53. Bxc6 {[%clk 0:23:55]} Kxa6
{[%clk 0:01:11]} 54. Bd7 {[%clk 0:23:57]} Kb7 {[%clk 0:01:17]} 55. Kh3
{[%clk 0:22:59]} Rf2 {[%clk 0:01:20]} 56. Nd5 {[%clk 0:08:50]} Rd2
{[%clk 0:01:49]} 57. f6 {[%clk 0:08:44]} Rxd5 {[%clk 0:01:51]} 58. f7
{[%clk 0:09:05]} Rxd7 {[%clk 0:01:42]} 59. f8=Q {[%clk 0:09:27]} Kc6
{[%clk 0:01:46]} 60. Qf6+ {[%clk 0:09:28]} Rd6 {[%clk 0:02:13]} 61. Qc3+
{[%clk 0:09:48]} Kd7 {[%clk 0:02:36]} 62. Qc4 {[%clk 0:09:44]} Rc6
{[%clk 0:02:28]} 63. Qd5+ {[%clk 0:09:54]} Kc7 {[%clk 0:02:50]} 64. Kxh4
{[%clk 0:10:07]} Rd6 {[%clk 0:03:15]} 65. Qe5 {[%clk 0:10:18]} Kc6
{[%clk 0:03:37]} 66. Kg4 {[%clk 0:10:35]} Rd5 {[%clk 0:03:56]} 67. Qe6+
{[%clk 0:10:48]} Rd6 {[%clk 0:04:13]} 68. Qc4+ {[%clk 0:11:07]} Kb7
{[%clk 0:04:07]} 69. Kf5 {[%clk 0:11:24]} Rh6 {[%clk 0:02:16]} 70. Qb5+
{[%clk 0:09:29]} Kc7 {[%clk 0:02:20]} 71. Qe5+ {[%clk 0:09:25]} Rd6
{[%clk 0:02:23]} 72. Qe7+ {[%clk 0:09:40]} Kc6 {[%clk 0:02:31]} 73. Ke4
{[%clk 0:09:30]} Rd1 {[%clk 0:02:01]} 74. Qe8+ {[%clk 0:09:09]} Kc7
{[%clk 0:02:20]} 75. Qe5+ {[%clk 0:09:00]} Kd7 {[%clk 0:01:28]} 76. Qb5+
{[%clk 0:09:02]} Kc7 {[%clk 0:00:52]} 77. Qa5+ {[%clk 0:08:31]} Kc8
{[%clk 0:01:05]} 78. Ke5 {[%clk 0:08:02]} Rc1 {[%clk 0:01:25]} 79. Ke6
{[%clk 0:07:49]} Kb8 {[%clk 0:00:33]} 80. Qa3 {[%clk 0:05:09]} Re1+
{[%clk 0:00:31]} 81. Kd7 {[%clk 0:05:21]} Rb1 {[%clk 0:00:45]} 82. Kc6
{[%clk 0:05:05]} Rb7 {[%clk 0:00:33]} 83. Qa5 {[%clk 0:04:10]} Rb1
{[%clk 0:00:54]} 84. Qe5+ {[%clk 0:01:49]} Ka8 {[%clk 0:01:15]} 85. Qh8+
{[%clk 0:01:29]} Ka7 {[%clk 0:01:36]} 86. Qd4+ {[%clk 0:01:45]} Ka8
{[%clk 0:01:25]} 87. Qc3 {[%clk 0:01:00]} Kb8 {[%clk 0:01:18]} 88. Qa3
{[%clk 0:01:09]} Rb7 {[%clk 0:01:30]} 89. Qa5 {[%clk 0:00:45]} Rb1
{[%clk 0:01:53]} 90. Qc7+ {[%clk 0:00:59]} Ka8 {[%clk 0:02:21]} 91. Qd8+
{[%clk 0:01:21]} Ka7 {[%clk 0:02:49]} 92. Qe7+ {[%clk 0:01:39]} Kb8
{[%clk 0:02:54]} 93. Qf8+ {[%clk 0:01:57]} Ka7 {[%clk 0:03:16]} 94. Qf7+
{[%clk 0:02:20]} Kb8 {[%clk 0:03:24]} 95. Qg8+ {[%clk 0:02:25]} Ka7
{[%clk 0:03:51]} 96. Qh7+ {[%clk 0:02:48]} 1-0

[Event "ccc 2015 1"]
[Site "?"]
[Date "2015.05.03"]
[Round "9.12"]
[White "Stojanovski,2232, Sandi"]
[Black "Englert,2318, FM Fabian"]
[Result "0-1"]
[BlackElo "2318"]
[WhiteElo "2232"]
[LiveChessVersion "1.4.5"]

1. d4 {[%clk 1:30:16]} d5 {[%clk 1:30:55]} 2. c4 {[%clk 1:30:25]} e6
{[%clk 1:31:18]} 3. Nf3 {[%clk 1:29:27]} a6 {[%clk 1:31:36]} 4. e3
{[%clk 1:21:54]} Nf6 {[%clk 1:31:43]} 5. Nbd2 {[%clk 1:21:31]} c5
{[%clk 1:31:32]} 6. b3 {[%clk 1:20:46]} cxd4 {[%clk 1:31:13]} 7. exd4
{[%clk 1:20:48]} Nc6 {[%clk 1:31:35]} 8. Bb2 {[%clk 1:20:37]} g6 {[%clk 1:31:33]}
9. Bd3 {[%clk 1:19:25]} Bg7 {[%clk 1:31:49]} 10. O-O {[%clk 1:19:44]} O-O
{[%clk 1:32:11]} 11. Rc1 {[%clk 0:52:36]} dxc4 {[%clk 1:31:24]} 12. Nxc4
{[%clk 0:52:23]} b5 {[%clk 1:26:19]} 13. Nce5 {[%clk 0:45:11]} Nxe5
{[%clk 1:25:51]} 14. dxe5 {[%clk 0:45:17]} Nd5 {[%clk 1:26:13]} 15. Qd2
{[%clk 0:35:45]} Bb7 {[%clk 1:24:13]} 16. Ba3 {[%clk 0:33:38]} b4
{[%clk 1:22:10]} 17. Bb2 {[%clk 0:34:05]} Nc3 {[%clk 1:13:25]} 18. Qe3
{[%clk 0:30:40]} Bxf3 {[%clk 1:10:06]} 19. Qxf3 {[%clk 0:26:43]} Bxe5
{[%clk 1:09:43]} 20. a3 {[%clk 0:26:13]} a5 {[%clk 1:09:43]} 21. axb4
{[%clk 0:25:06]} axb4 {[%clk 1:09:54]} 22. Bxc3 {[%clk 0:24:25]} bxc3
{[%clk 1:05:42]} 23. g3 {[%clk 0:23:15]} Qb6 {[%clk 1:02:47]} 24. Qe2
{[%clk 0:21:38]} Bd4 {[%clk 0:57:51]} 25. Qc2 {[%clk 0:20:26]} Ra3
{[%clk 0:54:45]} 26. Bc4 {[%clk 0:19:29]} Rfa8 {[%clk 0:53:44]} 27. Qe2
{[%clk 0:18:39]} Ra2 {[%clk 0:50:31]} 28. Rc2 {[%clk 0:18:13]} Rb2
{[%clk 0:49:24]} 29. Rxb2 {[%clk 0:10:46]} cxb2 {[%clk 0:49:50]} 30. Qc2
{[%clk 0:10:38]} Ra5 {[%clk 0:42:42]} 31. Bd3 {[%clk 0:10:50]} Rc5
{[%clk 0:42:35]} 32. Bc4 {[%clk 0:10:38]} Kg7 {[%clk 0:35:34]} 33. Qd3
{[%clk 0:10:04]} Rf5 {[%clk 0:34:58]} 34. Kg2 {[%clk 0:08:45]} Bxf2
{[%clk 0:33:31]} 35. Qe4 {[%clk 0:08:43]} Qe3 {[%clk 0:20:24]} 36. Bd3
{[%clk 0:09:04]} Qd2 {[%clk 0:20:11]} 37. Qe2 {[%clk 0:05:46]} Qxe2
{[%clk 0:20:06]} 38. Bxe2 {[%clk 0:06:13]} Be3 {[%clk 0:20:26]} 39. Bd3
{[%clk 0:05:45]} Rd5 {[%clk 0:18:31]} 40. Bb1 {[%clk 0:06:08]} Bc1
{[%clk 0:17:17]} 0-1

[Event "ccc 2015 1"]
[Site "?"]
[Date "2015.05.03"]
[Round "9.13"]
[White "Lundin,2234, FM Jan"]
[Black "Arman,2315, FM Deniz"]
[Result "0-1"]
[BlackElo "2315"]
[WhiteElo "2234"]
[LiveChessVersion "1.4.5"]

1. e4 {[%clk 1:30:55]} Nf6 {[%clk 1:30:53]} 2. e5 {[%clk 1:28:02]} Nd5
{[%clk 1:31:17]} 3. Nc3 {[%clk 1:27:46]} Nb6 {[%clk 1:24:10]} 4. Nf3
{[%clk 1:22:02]} d6 {[%clk 1:21:58]} 5. d4 {[%clk 1:20:23]} g6 {[%clk 1:15:57]}
6. Bf4 {[%clk 1:18:48]} Bg7 {[%clk 0:55:05]} 7. Qd2 {[%clk 1:18:54]} h6
{[%clk 0:54:41]} 8. O-O-O {[%clk 1:14:57]} Nc6 {[%clk 0:54:34]} 9. e6
{[%clk 1:09:24]} fxe6 {[%clk 0:40:34]} 10. Bd3 {[%clk 1:01:01]} g5
{[%clk 0:40:44]} 11. Bg6+ {[%clk 0:59:30]} Kf8 {[%clk 0:31:27]} 12. Bg3
{[%clk 0:43:32]} Bf6 {[%clk 0:17:57]} 13. h4 {[%clk 0:41:26]} g4 {[%clk 0:08:28]}
14. Ng5 {[%clk 0:31:02]} Kg7 {[%clk 0:08:01]} 15. Nf7 {[%clk 0:29:09]} Qf8
{[%clk 0:08:28]} 16. Nxh8 {[%clk 0:27:36]} Qxh8 {[%clk 0:08:50]} 17. Bh5
{[%clk 0:27:20]} Nxd4 {[%clk 0:08:12]} 18. Bxg4 {[%clk 0:25:16]} h5
{[%clk 0:06:19]} 19. Be2 {[%clk 0:23:08]} Nxe2+ {[%clk 0:06:16]} 20. Qxe2
{[%clk 0:22:23]} Kf7 {[%clk 0:06:10]} 21. Rd3 {[%clk 0:20:35]} Bd7
{[%clk 0:06:01]} 22. Bf4 {[%clk 0:20:29]} Rg8 {[%clk 0:06:05]} 23. Bg5
{[%clk 0:20:13]} Bc6 {[%clk 0:00:40]} 24. Re1 {[%clk 0:18:34]} Bd7
{[%clk 0:01:06]} 25. Re3 {[%clk 0:17:22]} Rxg5 {[%clk 0:00:55]} 26. hxg5
{[%clk 0:17:09]} Bxg5 {[%clk 0:01:22]} 27. f4 {[%clk 0:15:48]} Bxf4
{[%clk 0:00:48]} 28. Rf1 {[%clk 0:16:05]} Qf6 {[%clk 0:00:41]} 29. Qxh5+
{[%clk 0:16:10]} Kf8 {[%clk 0:01:09]} 30. Nd1 {[%clk 0:07:47]} Nc4
{[%clk 0:00:44]} 31. g3 {[%clk 0:08:01]} Nxe3 {[%clk 0:00:34]} 32. Rxf4
{[%clk 0:08:25]} Nf5 {[%clk 0:00:54]} 33. g4 {[%clk 0:08:32]} Be8
{[%clk 0:01:22]} 34. Qh2 {[%clk 0:07:43]} Bg6 {[%clk 0:00:55]} 35. gxf5
{[%clk 0:08:03]} exf5 {[%clk 0:01:22]} 36. Qh6+ {[%clk 0:07:51]} Kf7
{[%clk 0:01:35]} 37. Nc3 {[%clk 0:06:35]} e5 {[%clk 0:01:03]} 38. Ne4
{[%clk 0:06:35]} Qg7 {[%clk 0:01:16]} 39. Ng5+ {[%clk 0:06:34]} Kg8
{[%clk 0:01:42]} 40. Qxg7+ {[%clk 0:04:16]} Kxg7 {[%clk 0:02:09]} 41. Rb4
{[%clk 0:03:22]} Kf6 {[%clk 0:02:25]} 42. Nh3 {[%clk 0:03:41]} b6
{[%clk 0:02:51]} 43. Ra4 {[%clk 0:03:48]} a5 {[%clk 0:03:17]} 44. b4
{[%clk 0:04:10]} Be8 {[%clk 0:03:40]} 45. Ra3 {[%clk 0:04:27]} axb4
{[%clk 0:04:06]} 46. Ra8 {[%clk 0:04:32]} Bf7 {[%clk 0:04:17]} 47. Rc8
{[%clk 0:04:11]} c5 {[%clk 0:04:43]} 48. Rc6 {[%clk 0:04:15]} Ke7
{[%clk 0:05:08]} 49. Kb2 {[%clk 0:04:31]} b5 {[%clk 0:05:13]} 50. Rb6
{[%clk 0:04:54]} Bc4 {[%clk 0:05:37]} 51. Ng5 {[%clk 0:04:50]} Kf6
{[%clk 0:04:42]} 52. Nh7+ {[%clk 0:05:06]} Ke6 {[%clk 0:04:34]} 53. Ra6
{[%clk 0:04:19]} f4 {[%clk 0:04:50]} 54. Kc1 {[%clk 0:03:10]} e4 {[%clk 0:04:55]}
55. Ng5+ {[%clk 0:02:15]} Kf5 {[%clk 0:05:19]} 56. Nh3 {[%clk 0:02:32]} d5
{[%clk 0:05:26]} 57. Ra8 {[%clk 0:02:31]} Kg4 {[%clk 0:05:43]} 58. Nf2+
{[%clk 0:02:46]} Kf3 {[%clk 0:06:09]} 59. Nd1 {[%clk 0:02:53]} e3
{[%clk 0:06:28]} 60. Nb2 {[%clk 0:03:10]} Ke2 {[%clk 0:04:30]} 61. Rh8
{[%clk 0:01:16]} f3 {[%clk 0:04:45]} 62. Nd1 {[%clk 0:00:58]} f2 {[%clk 0:04:06]}
63. Rh2 {[%clk 0:00:56]} d4 {[%clk 0:04:26]} 64. Nb2 {[%clk 0:01:01]} Kf3
{[%clk 0:04:40]} 0-1

[Event "ccc 2015 1"]
[Site "?"]
[Date "2015.05.03"]
[Round "9.14"]
[White "Dijkhuis,2118, Sven"]
[Black "Haubro,2314, FM Martin"]
[Result "1/2-1/2"]
[BlackElo "2314"]
[WhiteElo "2118"]
[LiveChessVersion "1.4.5"]

1. e4 {[%clk 1:30:52]} e5 {[%clk 1:30:58]} 2. Nf3 {[%clk 1:31:15]} Nc6
{[%clk 1:31:26]} 3. Bb5 {[%clk 1:31:37]} a6 {[%clk 1:31:52]} 4. Ba4
{[%clk 1:32:02]} Nf6 {[%clk 1:32:16]} 5. O-O {[%clk 1:32:23]} Be7
{[%clk 1:32:43]} 6. d3 {[%clk 1:32:43]} b5 {[%clk 1:33:07]} 7. Bb3
{[%clk 1:33:06]} O-O {[%clk 1:33:31]} 8. a4 {[%clk 1:33:22]} Bb7 {[%clk 1:19:17]}
9. axb5 {[%clk 1:29:33]} axb5 {[%clk 1:17:01]} 10. Rxa8 {[%clk 1:29:55]} Qxa8
{[%clk 1:15:11]} 11. Nbd2 {[%clk 1:29:30]} d6 {[%clk 1:14:42]} 12. c3
{[%clk 1:28:36]} Na5 {[%clk 1:12:29]} 13. Bc2 {[%clk 1:28:20]} c5
{[%clk 1:12:42]} 14. Re1 {[%clk 1:27:16]} Rc8 {[%clk 0:52:09]} 15. Nf1
{[%clk 1:24:54]} Bf8 {[%clk 0:44:16]} 16. Ng3 {[%clk 1:17:44]} g6
{[%clk 0:40:12]} 17. Bg5 {[%clk 1:15:50]} Bg7 {[%clk 0:40:36]} 18. Qd2
{[%clk 1:15:44]} Nc6 {[%clk 0:36:56]} 19. Bh6 {[%clk 1:12:16]} Rc7
{[%clk 0:27:15]} 20. Bxg7 {[%clk 1:10:57]} Kxg7 {[%clk 0:27:41]} 21. Nf5+
{[%clk 1:10:49]} gxf5 {[%clk 0:23:55]} 22. Qg5+ {[%clk 1:11:04]} Kf8
{[%clk 0:24:22]} 23. Qxf6 {[%clk 1:11:21]} Qd8 {[%clk 0:24:43]} 24. Qh8+
{[%clk 1:09:20]} Ke7 {[%clk 0:24:56]} 25. Qxh7 {[%clk 1:09:44]} f4
{[%clk 0:22:40]} 26. g3 {[%clk 1:04:45]} fxg3 {[%clk 0:20:16]} 27. fxg3
{[%clk 1:05:05]} Qe8 {[%clk 0:20:43]} 28. Nh4 {[%clk 1:02:47]} Kd8
{[%clk 0:20:42]} 29. Qh6 {[%clk 1:01:37]} Rd7 {[%clk 0:20:58]} 30. Nf5
{[%clk 1:00:30]} Kc7 {[%clk 0:21:17]} 31. Bb3 {[%clk 0:57:06]} Qa8
{[%clk 0:17:05]} 32. h4 {[%clk 0:55:35]} c4 {[%clk 0:16:02]} 33. dxc4
{[%clk 0:54:07]} Na5 {[%clk 0:16:16]} 34. Bc2 {[%clk 0:53:35]} Nxc4
{[%clk 0:16:39]} 35. b3 {[%clk 0:49:26]} Qa7+ {[%clk 0:17:04]} 36. Kh1
{[%clk 0:49:45]} Qa2 {[%clk 0:16:47]} 37. Qc1 {[%clk 0:49:00]} Na3
{[%clk 0:16:10]} 38. Bd1 {[%clk 0:46:12]} d5 {[%clk 0:14:04]} 39. Qe3
{[%clk 0:28:46]} dxe4 {[%clk 0:13:12]} 40. Qc5+ {[%clk 0:28:14]} Bc6
{[%clk 0:12:21]} 41. Ne7 {[%clk 0:22:05]} Rxe7 {[%clk 0:12:34]} 42. Qxe7+
{[%clk 0:22:24]} Kb6 {[%clk 0:13:01]} 43. Qd8+ {[%clk 0:21:14]} Kb7
{[%clk 0:13:20]} 44. Re2 {[%clk 0:19:16]} Qa1 {[%clk 0:12:58]} 45. Kh2
{[%clk 0:17:08]} f5 {[%clk 0:10:39]} 46. Rd2 {[%clk 0:06:42]} Qxc3
{[%clk 0:10:08]} 47. Qe7+ {[%clk 0:06:14]} Kb6 {[%clk 0:09:42]} 48. Qd8+
{[%clk 0:06:24]} Kb7 {[%clk 0:10:05]} 49. Qe7+ {[%clk 0:05:57]} Kb6
{[%clk 0:10:31]} 50. Qd8+ {[%clk 0:03:17]} 1/2-1/2

[Event "ccc 2015 1"]
[Site "?"]
[Date "2015.05.03"]
[Round "9.16"]
[White "Veng,2304, FM Johnni"]
[Black "Tomaz,2018, Tainan Pantano"]
[Result "1/2-1/2"]
[BlackElo "2018"]
[WhiteElo "2304"]
[LiveChessVersion "1.4.5"]

1. d4 {[%clk 1:30:53]} Nf6 {[%clk 1:30:46]} 2. c4 {[%clk 1:31:14]} e6
{[%clk 1:31:11]} 3. g3 {[%clk 1:30:36]} Bb4+ {[%clk 1:31:14]} 4. Bd2
{[%clk 1:30:46]} Qe7 {[%clk 1:28:25]} 5. Nf3 {[%clk 1:30:48]} Nc6
{[%clk 1:26:46]} 6. Nc3 {[%clk 1:30:18]} d6 {[%clk 1:24:36]} 7. d5
{[%clk 1:26:50]} Bxc3 {[%clk 1:24:47]} 8. Bxc3 {[%clk 1:26:53]} Nb8
{[%clk 1:23:39]} 9. dxe6 {[%clk 1:24:15]} fxe6 {[%clk 1:22:04]} 10. Bg2
{[%clk 1:24:05]} O-O {[%clk 1:17:42]} 11. O-O {[%clk 1:16:35]} Ne4
{[%clk 1:06:32]} 12. Rc1 {[%clk 1:13:55]} a5 {[%clk 1:05:47]} 13. Be1
{[%clk 1:11:05]} Nd7 {[%clk 1:04:01]} 14. Nd4 {[%clk 1:08:38]} Ndc5
{[%clk 1:02:18]} 15. b3 {[%clk 1:05:12]} Kh8 {[%clk 0:57:21]} 16. f3
{[%clk 1:04:26]} Nf6 {[%clk 0:48:23]} 17. e4 {[%clk 1:01:24]} Bd7
{[%clk 0:38:01]} 18. Qe2 {[%clk 0:57:44]} e5 {[%clk 0:36:00]} 19. Nc2
{[%clk 0:56:05]} Rfb8 {[%clk 0:34:03]} 20. Ne3 {[%clk 0:44:21]} Qe8
{[%clk 0:32:04]} 1/2-1/2